Southville International School and Colleges
Your cart is empty.
  • Cart
  • Lists
    Public lists Eva Luna New books Lux_list list_1
    Your lists Log in to create your own lists
  • Log in to your account
  • Your cookies
  • Search history
Southville International School and Colleges
  • Advanced search
  • Recent comments
  • Most popular
  • Libraries

Log in to your account

Log in with GOOGLE


If you do not have an external account, but do have a local account, you can still log in:

  1. Home
  2. MARC view: Teach your child to swim
Normal view MARC view ISBD view

Teach your child to swim (Record no. 1844)

[ view plain ]
MARC details
000 -LEADER
fixed length control field 00616nam a22002297a 4500
003 - CONTROL NUMBER IDENTIFIER
control field OSt
005 - DATE AND TIME OF LATEST TRANSACTION
control field 20140310181717.0
008 - FIXED-LENGTH DATA ELEMENTS--GENERAL INFORMATION
fixed length control field 130213t xxu||||| |||| 00| 0 eng d
020 ## - INTERNATIONAL STANDARD BOOK NUMBER
International Standard Book Number 0746001991
050 ## - LIBRARY OF CONGRESS CALL NUMBER
Classification number GV 837.2
Item number .B927 1988
082 ## - DEWEY DECIMAL CLASSIFICATION NUMBER
Classification number TR 797.2107
Item number B85 1988
100 ## - MAIN ENTRY--PERSONAL NAME
Personal name Budworth, Geoffrey
9 (RLIN) 1572
245 ## - TITLE STATEMENT
Title Teach your child to swim
Statement of responsibility, etc Budworth, Geoffrey
260 ## - PUBLICATION, DISTRIBUTION, ETC. (IMPRINT)
Place of publication, distribution, etc London
Name of publisher, distributor, etc Usborne Publishing
Date of publication, distribution, etc c1992
300 ## - PHYSICAL DESCRIPTION
Extent 64 p. : col. ill.
Dimensions 24 cm.
521 ## - TARGET AUDIENCE NOTE
Target audience note
526 ## - STUDY PROGRAM INFORMATION NOTE
Reading level 1210L-1700L
541 ## - IMMEDIATE SOURCE OF ACQUISITION NOTE
-- 1
562 ## - COPY AND VERSION IDENTIFICATION NOTE
Number of copies 1
650 ## - SUBJECT ADDED ENTRY--TOPICAL TERM
Source of heading or term Swimming for children.
942 ## - ADDED ENTRY ELEMENTS (KOHA)
Source of classification or shelving scheme Library of Congress Classification
Koha item type
Call number prefix
Holdings
Withdrawn status Lost status Source of classification or shelving scheme Damaged status Home library Current library Shelving location Date acquired Total Checkouts Full call number Barcode Date last seen Copy number Price effective from Koha item type
    Library of Congress Classification   Luxembourg Library Luxembourg Library Teachers Reference Section 02/13/2013   GV 837.2 .B927 1988 4787 08/13/2013 1 10/03/2013 Books

Teach your child to swim

APA

Budworth G., . (1992). Teach your child to swim. London: Usborne Publishing.

Chicago

Budworth Geoffrey, . 1992. Teach your child to swim. London: Usborne Publishing.

Harvard

Budworth G., . (1992). Teach your child to swim. London: Usborne Publishing.

MLA

Budworth Geoffrey, . Teach your child to swim. London: Usborne Publishing. 1992.

  • Place hold
  • Print
  • Cite
  • Add to your cart (remove)
  • Save record
    BIBTEX Dublin Core MARCXML MARC (non-Unicode/MARC-8) MARC (Unicode/UTF-8) MARC (Unicode/UTF-8, Standard) MODS (XML) RIS
  • More searches
    Search for this title in:
    Other Libraries (WorldCat) Other Databases (Google Scholar) Online Stores (Bookfinder.com) Open Library (openlibrary.org)

Exporting to Dublin Core...

SOUTHVILLE LIBRARY

Southville International School and Colleges Library

1281 Tropical Ave. Cor. Luxembourg St., BF Homes International, Las Pinas City

Tel. No. 8256374 / 252358 Loc. 117/146

Powered by Koha